Т. 9: Крестоносцы: роман; Собрание сочинений

Detalles Bibliográficos
Parent link:Собрание сочинений: В 9-ти т. Пер. с польского/ Генрик Сенкевич; Редкол.: И. Горский и др.. Т. 9: Крестоносцы.— , 1983-
Otros Autores: Стахеев Б. (автор предисловия)
Lenguaje:ruso
Publicado: 1985
Materias:
Formato: Libro
KOHA link:https://koha.lib.tpu.ru/cgi-bin/koha/opac-detail.pl?biblionumber=165012

MARC

LEADER 00000nam2a2200000 4500
001 165012
005 20231031161615.0
020 |a RU  |b 83-59092 
035 |a (RuTPU)RU\TPU\book\179023 
035 |a RU\TPU\book\178970 
090 |a 165012 
100 |a 20090914g1985 m y0rusy5003 ca 
101 1 |a rus  |c pol 
102 |a RU 
105 |a y z 001ay 
200 0 |a Т. 9: Крестоносцы  |e роман  |f авт. примечаний Б. Стахеев 
210 |d 1985 
215 |a 591 с. 
320 |a Примечания: с. 577-590 
461 1 |0 (RuTPU)RU\TPU\book\178765  |t Собрание сочинений  |o В 9-ти т. Пер. с польского  |f Генрик Сенкевич  |g Редкол.: И. Горский и др.  |v Т. 9: Крестоносцы  |d 1983- 
610 1 |a польская литература 
610 1 |a крестоносцы 
610 1 |a исторические романы 
675 |a 89д-6  |z rus 
702 1 |a Стахеев  |b Б.  |4 080 
801 0 |a RU  |b RuMRKP  |c 19950704  |g psbo 
801 1 |a RU  |b 63413507  |c 20090910 
801 2 |a RU  |b 63413507  |c 20160411  |g RCR 
942 |c BK